| 000 | 01414 a2200397 4500 | ||
|---|---|---|---|
| 020 | _a0849394198 | ||
| 020 | _a9780849394195 | ||
| 082 | 0 | 4 | _a515.35 |
| 090 |
_c119 _d119 |
||
| 100 | 1 | _aIbragimov, Nail H. | |
| 245 | 1 | 0 |
_aCrc handbook of lie group analysis of differential equations : _b. _nVolume 3 / _cNail H. Ibragimov. |
| 250 | _a1st ed. | ||
| 260 |
_a[S.l.] : _bCRC-Press, _c1995. |
||
| 300 |
_a560 p. ; _c24 cm. |
||
| 500 | _aHardcover. | ||
| 650 | 4 | _aScience/Mathematics. | |
| 650 | 4 | _aComputer Mathematics. | |
| 650 | 4 | _aLie Groups. | |
| 650 | 4 | _aAlgebra. | |
| 650 | 4 | _aApplied mathematics. | |
| 650 | 4 | _aDifferential calculus & equations. | |
| 650 | 4 | _aGroups & group theory. | |
| 650 | 4 | _aMathematical theory of computation. | |
| 650 | 4 | _aMathematics. | |
| 650 | 4 | _aNumerical solutions. | |
| 650 | 4 | _aAlgebra - General. | |
| 650 | 4 | _aApplied. | |
| 650 | 4 | _aDifferential Equations. | |
| 650 | 4 | _aMATHEMATICS / Applied. | |
| 650 | 4 | _aMATHEMATICS / Differential Equations. | |
| 650 | 4 | _aMathematics / Algebra / General. | |
| 650 | 4 | _aMathematics / Group Theory. | |
| 942 |
_aSNS _cBK _k515.35 IBR |
||
| 999 |
_c28758 _d28758 |
||